| 000 | 00831cam a22002775a 4500 | ||
|---|---|---|---|
| 005 | 20150823145838.0 | ||
| 008 | 100803t2007 onc||||| |||| 00| 0 eng d | ||
| 010 | _a 2006904397 | ||
| 020 | _a0495082597 | ||
| 020 | _a9780495082590 | ||
| 020 | _a0495082597 | ||
| 040 |
_beng _dEG-ScBUE |
||
| 082 | 0 | 4 |
_a620.001515353 _bLOG _222 |
| 100 | 1 |
_aLogan, Daryl L. _917002 |
|
| 245 | 1 | 2 |
_aA first course in the finite element method / _cDaryl L. Logan. |
| 250 | _a4th ed. | ||
| 260 |
_aToronto : _bThomson, _cc.2007. |
||
| 300 |
_axviii, 808 p. : _bill. (some col.) ; _c25 cm. |
||
| 500 | _aIndex : p. 799-808. | ||
| 504 | _aIncludes bibliographical references. | ||
| 590 | _aDoha Ragab | ||
| 650 | 0 |
_aFinite element method. _917003 _2BUEsh |
|
| 651 | _2BUEsh | ||
| 653 |
_bENGGEN _cAugust2015 |
||
| 942 |
_cBB _2ddc |
||
| 999 |
_c8337 _d8337 |
||